BIBLIOTHÈQUE DE LA MAISON DU MEXIQUE

Logo 1 Logo 2

Fray Martín de Valencia (notice nᵒ 11374)

détails MARC
000 -Sello discográfico
campo de control de longitud fija 00827nam a2200325 4500
005 - Identificación de versión
campo de control 20250925141548.0
035 ## - Otros números de control del sistema
Número de control del sistema 1252
099 ## - fechas locales
Tipo de ítem Koha LIBRO
100 ## - Datos de procesamiento general
Datos de procesamiento general 20040518d1945 m y1spay5003 ba
105 ## - Campo de datos codificados: Material textual, monográfico
Datos codificados de monografía y 001zb
200 1# - Título y mención de responsabilidad
Título propio Fray Martín de Valencia
Designación general del material texto impreso
Primer mención de responsabilidad Salvador Escalante Plancarte
210 ## - Publicación, distribución, etc.
Lugar de publicación, distribución, etc. México
Nombre del editor, distribuidor, etc. Editorial Cossío
Fecha de publicación, distribución, etc. 1945
215 ## - Descripción física
Designación de material específico y extensión del ítem 300 p., XVIII
Dimensiones 24 cm
318 ## - Nota de acción
Acción No se presta a domicilio
345 ## - Nota de información de adquisición
Fuente de adquisición/dirección de la suscripción [OBSOLETO] Donación
600 ## - Nombre personal usado como materia
Elemento de entrada Valencia
Parte del nombre distinta del elemento de entrada Martín de
Fechas m. 1534
Número Koha 18045
660 ## - Código de área geográfica
Código MX
676 ## - Clasificación Decimal Dewey
Número R928 E74f
700 ## - Nombre personal - Responsabilidad primaria
Elemento de entrada Escalante Plancarte
Parte del nombre distinta del elemento de entrada Salvador
Número Koha 18046
801 #0 - Fuente de origen
Agencia cm
900 ## -
-- 1/7460
900 ## -
-- 7100419225\180504
942 ## - ELEMENTOS DE ENTRADA SECUNDARIOS (KOHA)
Tipo de ítem Koha Livre

Pas d'exemplaire disponible.